Agricultural marketing and economic development (Record no. 21237)

MARC details
000 -LEADER
fixed length control field 00472nam a2200169Ia 4500
008 - FIXED-LENGTH DATA ELEMENTS--GENERAL INFORMATION
fixed length control field 230917s9999||||xx |||||||||||||| ||und||
020 ## - ISBN
Price RS500
040 ## - CATALOGING SOURCE
-- 237712
Original cataloging agency VIVEKANANDA LIBRARY
041 ## - Language
-- English
082 ## - DDC NUMBER
Classification number 381.410954166 Z76A
100 ## - MAIN ENTRY--PERSONAL NAME
Personal name Zorema, James
245 #0 - TITLE STATEMENT
Title Agricultural marketing and economic development
260 ## - PUBLICATION, DISTRIBUTION, ETC. (IMPRINT)
Place of publication, distribution, etc New Delhi
Name of publisher, distributor, etc Mittal Publications
Date of publication, distribution, etc 2012
300 ## - PHYSICAL DESCRIPTION
Pages 170 p.
500 ## - GENERAL NOTE
General note 2599 03/02/2017 MPUB17/32 14/02/2017 Main Budget
942 ## - ADDED ENTRY ELEMENTS (KOHA)
Koha item type Books
Holdings
Withdrawn status Lost status Damaged status Not for loan Location (home branch) Sublocation or collection (holding branch) Date acquired Koha issues (times borrowed) Koha full call number Accession No. Koha date last seen Koha item type
        VIVEKANANDA LIBRARY VIVEKANANDA LIBRARY 19/03/2017   381.410954166 Z76A 360669 17/09/2023 Books
        VIVEKANANDA LIBRARY VIVEKANANDA LIBRARY 19/03/2017   381.410954166 Z76A 360670 17/09/2023 Books
© Designed and Maintained by Vivekananda Library, MDU Rohtak